LEADER 01395nam a2200229 i 4500 001 000000025109 003 CaOOAMICUS 005 20260424122420.0 008 180830s2009 it u000 u ita u 040 $aSeMil$bita 245 13$aLa Comunità pastorale :$b[laboratori diocesani sulle Comunità pastorali]. 260 $aMilano :$bCentro Ambrosiano,$c2009. 300 $av. ;$c21 cm. 490 1 $aPastorale di insieme / Arcidiocesi di Milano 650 4$aMilano (Arcidiocesi) - Comunità pastorali.$0(OLS)http://semarc/subject/3968 774 0 $tComunità Pastorale.$dMilano : Centro Ambrosiano, 2009.$kPastorale di insieme / Arcidiocesi di Milano$z978-88-8025-687-8$g1$w()177517 774 0 $tPastorale di insieme e le Comunità pastorali.$dMilano : Centro Ambrosiano, 2010.$kPastorale di insieme / Arcidiocesi di Milano$z978-88-8025-757-8$g2$w()196525 774 0 $tComunione e corresponsabilità fra Consiglio pastorale e Direttivo della Comunità pastorale.$dMilano : Centro Ambrosiano, 2011.$kPastorale di insieme / Arcidiocesi di Milano$z978-88-8025-812-4$g3$w()203160 830 0$aPastorale di insieme / Arcidiocesi di Milano.$0(OLS)http://semarc/title/27247 996 $6245$aLa Comunità pastorale :$b[laboratori diocesani sulle Comunità pastorali]$9(OLS)http://semarc/title/33814 996 $6260$aMilano :$bCentro Ambrosiano$9(OLS)http://semarc/publisher/29766